| 000 | 00000nam 2200000zi 4500 |
| 001 | 9.868042 |
| 003 | CaOODSP |
| 005 | 20221107162456 |
| 006 | m o d f |
| 007 | cr cn||||||||| |
| 008 | 190206t20192017qucab o f000 0 eng d |
| 020 | |a9780660295121 |
| 040 | |aCaOODSP|beng|erda|cCaOODSP |
| 043 | |an-cn-qu |
| 086 | 1 |aCW66-305/2019E-PDF |
| 245 | 04|aThe Cap Tourmente National Wildlife Area : |bmap of hiking trails. |
| 264 | 1|a[Gatineau, Quebec] : |bEnvironment and Climate Change Canada = Environnement et changement climatique Canada, |c[2019] |
| 264 | 4|c©2017 |
| 300 | |a1 online resource (2 unnumbered pages) : |bcolour illustrations, colour map |
| 336 | |atext|btxt|2rdacontent |
| 337 | |acomputer|bc|2rdamedia |
| 338 | |aonline resource|bcr|2rdacarrier |
| 500 | |aIssued also in French under title: Réserve national de faune du Cap-Tourmente : carte des sentiers pédestres. |
| 500 | |aIssued also in HTML format. |
| 692 | 07|2gccst|aConservation areas |
| 692 | 07|2gccst|aHiking |
| 692 | 07|2gccst|aMaps |
| 710 | 1 |aCanada. |bEnvironment and Climate Change Canada. |
| 775 | 08|tRéserve national de faune du Cap-Tourmente : |w(CaOODSP)9.868044 |
| 776 | 0#|tCap Tourmente map of hiking trails |w(CaOODSP)9.868043 |
| 795 | |tThe Cap Tourmente National Wildlife Area |w(CaOODSP)9.831577 |
| 856 | 40|qPDF|s1.90 MB|uhttps://publications.gc.ca/collections/collection_2019/eccc/CW66-305-2019-eng.pdf |
| 856 | 4 |qHTML|sN/A|uhttps://www.canada.ca/en/environment-climate-change/services/national-wildlife-areas/locations/cap-tourmente/map-hiking-trails.html |